<?xml version="1.0" encoding="UTF-8"?>
<collection xmlns="http://www.loc.gov/MARC21/slim">
 <record>
  <leader>04294cam a2200625 c 4500</leader>
  <controlfield tag="001">1736219693</controlfield>
  <controlfield tag="003">DE-627</controlfield>
  <controlfield tag="005">20260421163043.0</controlfield>
  <controlfield tag="007">tu</controlfield>
  <controlfield tag="008">201022s2020    sp |||||      00| ||spa c</controlfield>
  <datafield tag="020" ind1=" " ind2=" ">
   <subfield code="a">9788418292132</subfield>
   <subfield code="9">978-84-18292-13-2</subfield>
  </datafield>
  <datafield tag="035" ind1=" " ind2=" ">
   <subfield code="a">(DE-627)1736219693</subfield>
  </datafield>
  <datafield tag="035" ind1=" " ind2=" ">
   <subfield code="a">(DE-599)KXP1736219693</subfield>
  </datafield>
  <datafield tag="035" ind1=" " ind2=" ">
   <subfield code="a">(OCoLC)1224015541</subfield>
  </datafield>
  <datafield tag="035" ind1=" " ind2=" ">
   <subfield code="a">(ZDB-21-EIL)4700650</subfield>
  </datafield>
  <datafield tag="040" ind1=" " ind2=" ">
   <subfield code="a">DE-627</subfield>
   <subfield code="b">ger</subfield>
   <subfield code="c">DE-627</subfield>
   <subfield code="e">rda</subfield>
  </datafield>
  <datafield tag="041" ind1=" " ind2=" ">
   <subfield code="a">spa</subfield>
  </datafield>
  <datafield tag="044" ind1=" " ind2=" ">
   <subfield code="c">XA-ES</subfield>
  </datafield>
  <datafield tag="050" ind1=" " ind2="0">
   <subfield code="a">PN</subfield>
  </datafield>
  <datafield tag="082" ind1="0" ind2=" ">
   <subfield code="a">791</subfield>
  </datafield>
  <datafield tag="084" ind1=" " ind2=" ">
   <subfield code="a">ROM</subfield>
   <subfield code="q">DE-18</subfield>
   <subfield code="2">fid</subfield>
  </datafield>
  <datafield tag="084" ind1=" " ind2=" ">
   <subfield code="a">15.66</subfield>
   <subfield code="2">bkl</subfield>
  </datafield>
  <datafield tag="084" ind1=" " ind2=" ">
   <subfield code="a">24.32</subfield>
   <subfield code="2">bkl</subfield>
  </datafield>
  <datafield tag="245" ind1="0" ind2="0">
   <subfield code="a">Cine español en la era digital</subfield>
   <subfield code="b">emergencias y encrucijadas</subfield>
   <subfield code="c">José Luis Sánchez Noriega (ed.)</subfield>
  </datafield>
  <datafield tag="250" ind1=" " ind2=" ">
   <subfield code="a">Primera edición</subfield>
  </datafield>
  <datafield tag="264" ind1=" " ind2="1">
   <subfield code="a">Barcelona</subfield>
   <subfield code="b">Laertes</subfield>
   <subfield code="c">octubre 2020</subfield>
  </datafield>
  <datafield tag="300" ind1=" " ind2=" ">
   <subfield code="a">493 Seiten</subfield>
   <subfield code="b">Illustrationen</subfield>
   <subfield code="c">23 cm</subfield>
  </datafield>
  <datafield tag="336" ind1=" " ind2=" ">
   <subfield code="a">Text</subfield>
   <subfield code="b">txt</subfield>
   <subfield code="2">rdacontent</subfield>
  </datafield>
  <datafield tag="337" ind1=" " ind2=" ">
   <subfield code="a">ohne Hilfsmittel zu benutzen</subfield>
   <subfield code="b">n</subfield>
   <subfield code="2">rdamedia</subfield>
  </datafield>
  <datafield tag="338" ind1=" " ind2=" ">
   <subfield code="a">Band</subfield>
   <subfield code="b">nc</subfield>
   <subfield code="2">rdacarrier</subfield>
  </datafield>
  <datafield tag="490" ind1="1" ind2=" ">
   <subfield code="a">Kaplan</subfield>
   <subfield code="v">59</subfield>
  </datafield>
  <datafield tag="500" ind1=" " ind2=" ">
   <subfield code="a">Collected essays</subfield>
  </datafield>
  <datafield tag="500" ind1=" " ind2=" ">
   <subfield code="a">Includes bibliographical references (pages 473-481) and indexes</subfield>
  </datafield>
  <datafield tag="520" ind1=" " ind2=" ">
   <subfield code="a">Entre 1996 y 2011 se suceden dos gobiernos de distinto signo y la sociedad española vive transformaciones relevantes con la deslegitimación del terrorismo, la convulsiones yihadistas y las reacciones belicistas, las emergencias humanitarias, la crisis económica, el fin de ETA y los nuevos sujetos políticos del movimiento 15-M en el inicio del segundo decenio del XXI. En el cine español surge una nueva generación de cineastas y el acceso de mujeres a trabajos de guion y dirección; es la principal emergencia de una cinematografía situada ante varias encrucijadas: la revolución digital, la diversificación de géneros y formatos, las innovaciones en la exhibición y los públicos más plurales, de un cine cada vez más transnacional y de identidad global. La aportación principal de este libro son los análisis de 131 películas que revelan la diversidad de géneros, estilos, figuras de ficción, personalidades, diálogos con la realidad, compromiso social o político, etc. del cine en estos años marcados por esas transformaciones. Se complementa este corpus con capítulos dedicados a trazar un panorama de la historia, política y sociedad de la España; a cartografiar las nuevas tendencias, evolución de autores, estilos y géneros, representaciones de conflictos contemporáneos y discurso político de nuestro cine; a dar cuenta del cine hecho por la generación de mujeres más numerosa de toda su historia; y a reflexionar sobre la percepción social y la recepción pública de las películas.</subfield>
  </datafield>
  <datafield tag="655" ind1=" " ind2="7">
   <subfield code="a">Aufsatzsammlung</subfield>
   <subfield code="0">(DE-588)4143413-4</subfield>
   <subfield code="0">(DE-627)105605727</subfield>
   <subfield code="0">(DE-576)209726091</subfield>
   <subfield code="2">gnd-content</subfield>
  </datafield>
  <datafield tag="689" ind1="0" ind2="0">
   <subfield code="d">g</subfield>
   <subfield code="0">(DE-588)4055964-6</subfield>
   <subfield code="0">(DE-627)104616806</subfield>
   <subfield code="0">(DE-576)209116080</subfield>
   <subfield code="a">Spanien</subfield>
   <subfield code="2">gnd</subfield>
  </datafield>
  <datafield tag="689" ind1="0" ind2="1">
   <subfield code="d">s</subfield>
   <subfield code="0">(DE-588)4017102-4</subfield>
   <subfield code="0">(DE-627)104559683</subfield>
   <subfield code="0">(DE-576)208918531</subfield>
   <subfield code="a">Film</subfield>
   <subfield code="2">gnd</subfield>
  </datafield>
  <datafield tag="689" ind1="0" ind2="2">
   <subfield code="a">z</subfield>
   <subfield code="2">gnd</subfield>
   <subfield code="a">Geschichte 1996-2012</subfield>
  </datafield>
  <datafield tag="689" ind1="0" ind2=" ">
   <subfield code="5">(DE-627)</subfield>
  </datafield>
  <datafield tag="700" ind1="1" ind2=" ">
   <subfield code="a">Sánchez Noriega, José Luis</subfield>
   <subfield code="d">1957-</subfield>
   <subfield code="e">HerausgeberIn</subfield>
   <subfield code="0">(DE-588)133338444</subfield>
   <subfield code="0">(DE-627)541647350</subfield>
   <subfield code="0">(DE-576)299781747</subfield>
   <subfield code="4">edt</subfield>
  </datafield>
  <datafield tag="787" ind1="0" ind2="8">
   <subfield code="i">Rezensiert in</subfield>
   <subfield code="a">Caballero Ruiz, Laura</subfield>
   <subfield code="t">[Rezension von: José Luis Sánchez Noriega (Hrsg.), Cine español en la era digital]</subfield>
   <subfield code="d">2021</subfield>
   <subfield code="w">(DE-627)177477383X</subfield>
  </datafield>
  <datafield tag="787" ind1="0" ind2="8">
   <subfield code="i">Rezensiert in</subfield>
   <subfield code="a">Manso, Valeriano Durán</subfield>
   <subfield code="t">[Rezension von: Sánchez Noriega, José Luis (Hrsg.), Cine español en la era digital]</subfield>
   <subfield code="d">2022</subfield>
   <subfield code="w">(DE-627)1926031512</subfield>
  </datafield>
  <datafield tag="830" ind1=" " ind2="0">
   <subfield code="a">Kaplan</subfield>
   <subfield code="v">59</subfield>
   <subfield code="9">59</subfield>
   <subfield code="w">(DE-627)530671352</subfield>
   <subfield code="w">(DE-576)024745545</subfield>
   <subfield code="w">(DE-600)2326889-X</subfield>
   <subfield code="7">am</subfield>
  </datafield>
  <datafield tag="856" ind1="4" ind2="2">
   <subfield code="u">https://www.marcialpons.es/media/img/portadas/2020/10/20/9788418292132.jpg</subfield>
   <subfield code="x">Verlag</subfield>
   <subfield code="3">Cover</subfield>
   <subfield code="7">1</subfield>
  </datafield>
  <datafield tag="856" ind1="4" ind2="2">
   <subfield code="u">https://www.gbv.de/dms/spk/iai/toc/1736219693.pdf</subfield>
   <subfield code="m">V:DE-601</subfield>
   <subfield code="m">B:DE-204</subfield>
   <subfield code="q">pdf/application</subfield>
   <subfield code="v">2024-11-29</subfield>
   <subfield code="3">Inhaltsverzeichnis</subfield>
   <subfield code="7">1</subfield>
  </datafield>
  <datafield tag="856" ind1="4" ind2="2">
   <subfield code="u">https://laertes.es/cine-espanol-en-la-era-digital</subfield>
   <subfield code="q">application</subfield>
   <subfield code="y">Inhaltsbeschreibung</subfield>
   <subfield code="7">1</subfield>
  </datafield>
  <datafield tag="936" ind1="b" ind2="k">
   <subfield code="a">15.66</subfield>
   <subfield code="j">Spanien</subfield>
   <subfield code="j">Portugal</subfield>
   <subfield code="x">Geschichte</subfield>
   <subfield code="q">DA-3</subfield>
   <subfield code="0">(DE-627)181571447</subfield>
  </datafield>
  <datafield tag="936" ind1="b" ind2="k">
   <subfield code="a">24.32</subfield>
   <subfield code="j">Filmgeschichte</subfield>
   <subfield code="q">DA-3</subfield>
   <subfield code="0">(DE-627)106405934</subfield>
  </datafield>
  <datafield tag="951" ind1=" " ind2=" ">
   <subfield code="a">BO</subfield>
  </datafield>
  <datafield tag="990" ind1=" " ind2=" ">
   <subfield code="a">Spanien</subfield>
  </datafield>
  <datafield tag="990" ind1=" " ind2=" ">
   <subfield code="a">Film</subfield>
  </datafield>
  <datafield tag="990" ind1=" " ind2=" ">
   <subfield code="a">Geschichte 1996-2012</subfield>
  </datafield>
  <datafield tag="991" ind1=" " ind2=" ">
   <subfield code="a">Rezensiertes Werk</subfield>
  </datafield>
  <datafield tag="999" ind1=" " ind2=" ">
   <subfield code="a">KXP-PPN1736219693</subfield>
   <subfield code="e">4036695886</subfield>
  </datafield>
  <datafield tag="999" ind1=" " ind2=" ">
   <subfield code="a">KXP-PPN1736219693</subfield>
   <subfield code="e">4933909466</subfield>
  </datafield>
 </record>
</collection>
